Diagnóstico enzimológico
Salvato in:
| Autore principale: | |
|---|---|
| Natura: | Libro |
| Lingua: | spagnolo |
| Pubblicazione: |
Buenos Aires, Argentina
Médica Panamericana
1972
|
| Soggetti: | |
| Tags: |
Aggiungi Tag
Nessun Tag, puoi essere il primo ad aggiungerne!!
|
MARC
| LEADER | 00000nam a2200000 a 4500 | ||
|---|---|---|---|
| 001 | UCT5164 | ||
| 003 | CL-VaPUC | ||
| 005 | 20210223001855.0 | ||
| 008 | 961205e19720000AG |||||||||||||||||spa|d | ||
| 999 | |c 254170 |d 254168 | ||
| 040 | |c Pontificia Universidad Católica de Valparaíso | ||
| 082 | 0 | 4 | |a 612.015 COO 1972 |2 21 |
| 100 | 0 | |a Coodley, Eugene L |9 374476 | |
| 245 | 1 | 0 | |a Diagnóstico enzimológico |
| 260 | 0 | 3 | |a Buenos Aires, Argentina |b Médica Panamericana |c 1972 |
| 300 | |a 315 páginas | ||
| 583 | |a last modification |c 19961205 00:00:00 |k Rodrigo Vera | ||
| 650 | 7 | |a ENZIMOLOGIA |2 CL-VaPUC |9 263051 | |
| 650 | 0 | |a Bioquímica |9 259492 | |
| 650 | 7 | |a PRODUCTOS BIOLOGICOS |2 CL-VaPUC |9 361153 | |
| 650 | 0 | |a Bioquímica |9 259492 | |
| 650 | 7 | |a FENOMENOS BIOQUIMICOS |2 CL-VaPUC |9 360969 | |
| 650 | 0 | |a Enzimas |9 262984 | |
| 942 | |c BK |2 ddc | ||
| 945 | |d 19961205 00:00:00 |a cmena | ||
| 952 | |0 0 |1 0 |2 ddc |4 0 |6 612_015000000000000_COO_1972 |7 0 |8 A |9 275635 |a BIBCUR |b BIBCUR |d 2019-11-19 |i 1793179 |o 612.015 COO 1972 |p 1793179 |r 2025-04-22 |t 1 |w 2019-11-19 |y BK |k BIO | ||